Nevada's workplace health and safety enforcement program : OSHA's findings and recommendations : hearing before the Committee on Education and Labor, U.S. House of Representatives, One Hundred Eleventh Congress, first session, hearing held in Washington, DC, October 29, 2009.

Bibliographic Details
Corporate Author: United States. Congress. House. Committee on Education and Labor
Format: Government Document eBook
Language:English
Published: Washington : U.S. G.P.O., 2010.
Subjects:
Online Access:Electronic resource (PDF)

MARC

Tag First Indicator Second Indicator Subfields
LEADER 00000cam a22000001a 4500
001 in00004100718
005 20200117091405.0
006 m d f
007 cr bn mmmapmmp
008 100224s2010 dcua ob f000 0 eng d
035 |a chdc201000220 
040 |a UMI  |c UMI  |d UtOrBLW 
042 |a pcc 
043 |a n-us---  |a n-us-nv 
074 |a 1015-A 
086 0 |a Y 4.ED 8/1:111-37 
088 |a Serial no. 111-37 (United States. Congress. House. Committee on Education and Labor) 
110 1 |a United States.  |b Congress.  |b House.  |b Committee on Education and Labor.  |0 http://id.loc.gov/authorities/names/n79049133 
245 1 0 |a Nevada's workplace health and safety enforcement program :  |b OSHA's findings and recommendations : hearing before the Committee on Education and Labor, U.S. House of Representatives, One Hundred Eleventh Congress, first session, hearing held in Washington, DC, October 29, 2009. 
264 1 |a Washington :  |b U.S. G.P.O.,  |c 2010. 
264 2 |a Washington :  |b For sale by the Supt. of Docs., U.S. G.P.O. 
300 |a iii, 79 pages :  |b illustrations, digital, PDF file. 
336 |a text  |b txt  |2 rdacontent 
337 |a computer  |b c  |2 rdamedia 
338 |a online resource  |b cr  |2 rdacarrier 
500 |a Shipping list number: 2010-0103-P. 
504 |a Includes bibliographical references. 
500 |a "Serial number 111-37." 
500 |a Record is based on bibliographic data in ProQuest Congressional Hearings Digital Collection. Reuse except for individual research requires license from ProQuest, LLC. 
500 |a Electronic resource. 
533 |a Electronic reproduction.  |b [Bethesda, Md.] :  |c ProQuest,  |d 2010.  |e digital, PDF file.  |n ProQuest U.S. Congressional Hearings Digital Collection.  |n Mode of access: World Wide Web via ProQuest website. 
538 |a System requirements: PDF reader software. 
610 1 0 |a United States.  |b Occupational Safety and Health Administration  |v Rules and practice. 
650 0 |a Industrial safety  |z Nevada  |x Evaluation. 
650 0 |a Industrial hygiene  |z Nevada  |x Evaluation. 
650 0 |a Industrial safety  |z United States  |x States. 
650 0 |a Industrial hygiene  |z United States  |x States. 
776 0 8 |i Print version:   |a United States. Congress. House. Committee on Education and Labor.  |t Nevada's workplace health and safety enforcement program  |w 9780160850110  |w 0160850118  |w (OCoLC)527658086  |z 2009526474 
776 0 8 |i Microfiche version:   |a United States. Congress. House. Committee on Education and Labor.  |t Nevada's workplace health and safety enforcement program  |d [Bethesda, Md.] : ProQuest,[2010]  |o CIS 2010 H341-24  |w (ProQuest)cis01000322  
856 4 0 |u http://proxy.library.tamu.edu/login?url=http://search.proquest.com/congcomp/getdoc?HEARING-ID=HRG-2009-EDL-0030  |y Electronic resource (PDF)  |t 0 
998 |a cis01000322  
999 f f |s 1d5093dd-01c6-32a6-9272-8ef5093b5db7  |i de73a0d3-38fa-3bf6-9e2e-aa83dfbd144c  |t 0 
952 f f |a Texas A&M University  |b College Station  |c Electronic Resources  |d Available Online  |t 0  |e Y 4.ED 8/1:111-37  |h Superintendent of Documents classification 
998 f f |a Y 4.ED 8/1:111-37  |t 0  |l Available Online